| 000 | 01754njm a2200409 c 4500 | ||
|---|---|---|---|
| 003 | BLK | ||
| 005 | 20241011005343.0 | ||
| 008 | 180410b bul||n||s|||||||| n|bulo| | ||
| 010 | _aCDD00005074000 | ||
| 040 | _aBLK | ||
| 041 |
_aDEU _cDEU |
||
| 072 | 7 |
_2bullib _aФ0501 _xКласика Ф |
|
| 080 |
_aОпера. Музикална драма. Романтична опера. Опера-приказка _b782.1 _x _z782.1 |
||
| 100 |
_aHaydn, Franz Joseph _9387485 |
||
| 700 |
_aХайдн, Йозеф _d1732 - 1809 _qХайдн, Франц Йозеф _9387481 |
||
| 700 | 1 |
_aOrchestre de Chambre de Lausanne _eизп. _9354917 |
|
| 700 | 1 |
_aDorati, Antal _eдиригент _98904 |
|
| 700 | 1 |
_aTrimarchi, Domenico _eбас-баритон _926624 |
|
| 700 | 1 |
_aAlva, Luigi _eтенор _9354920 |
|
| 700 | 1 |
_aStade, Frederica von _eмецосопран _9354919 |
|
| 139 |
_aHaydn, Franz Joseph _bH 41 |
||
| 245 | 1 | 0 |
_aThe Operas [CD аудио] _bCD 1-20 За том: Atto secondo _cFranz Joseph Haydn; * Франц Йозеф Хайдн; изп. Orchestre de Chambre de Lausanne; диригент Antal Dorati; бас-баритон Domenico Trimarchi; тенор Luigi Alva; мецосопран Frederica von Stade. _nCD 19 _pIl mondo della luna : Drama giocoso in tre atti |
| 257 | _aDEU | ||
| 260 |
_аLondon _bDECCA _c2009 |
||
| 300 | _c12 cm. Stereo | ||
| 380 | _a7 | ||
| 650 | 4 |
_aОпера _9165008 |
|
| 653 | _aОпера | ||
| 659 | _aФ | ||
| 760 | 1 |
_aHaydn, Franz Joseph _h77мин. 32сек. _tCD 19 Il mondo della luna : Drama giocoso in tre atti |
|
| 852 |
_aЦб CD 2913 _p0 |
||
| 856 | 4 |
_qpdf _u |
|
| 856 | 4 |
_qpdf _u |
|
| 942 |
_cCDD _n0 |
||
| 944 |
_aCR _c03.08.2011 _k _lCRON CRON |
||
| 944 |
_aED _c20.09.2011 _k |
||
| 999 |
_c223348 _d223348 |
||